Представление документа в формате RUSMARC

ПолеНазваниеЗначение
  Тип записи a
  Библиографический уровень a
001 Контрольный номер UONB/MAIN/2f16284aa1644f69934c8a01f2f9f369
005 Дата корректировки 20260305114600.0
100 Данные общей обработки __
a Данные общей обработки 20260305a2026####|||c0rusy0189 ca
101 Язык документа 0_
a Язык текста rus
102 Страна публикации __
a Страна публикации RU
200 Заглавие и сведения об ответственности 1_
a Заглавие Гостомельский десант золотыми буквами вписан в военную историю России
203 Вид содержания и тип средства __
a Вид содержания Текст
b Характеристика содержания визуальный
c Тип средства непосредственный
215 Физическое описание __
c Иллюстрации/тип воспроизводства ил., фот.
330 Аннотация __
a Аннотация Участие ульяновских десантников в штурме Гостомельского аэропорта.
461 Уровень набора _0
1 2000
a Мономах
463 Уровень физической единицы _0
1 2000
a № 1 (151) (февраль)
v С. 21-23
1 2101
d 2026
1 001RU/REG73/CBS_GRAD/2c332b2ab5a2434ab3817286ed10b0ca
600 Персоналии _1
a Персоналии (Фамилия) Хасанов
b Персоналии (Имя, инициалы) Д.С.
c Дополнение к имени Дмитрий Сергеевич
610 Ключевые слова 0_
a Ключевые слова участники СВО; участники спецопераций; гостомельский десант
686 Индексы других классификаций __
2 Код системы rubbk
a Классификационный индекс 68.42
801 Источник записи _0
a Страна RU
b Организация RuCBSGrad
c Дата составления 20260305
g Правила каталогизации RCR
801 Источник записи _1
a Страна RU
b Организация RuCBSGrad
c Дата составления 20260305
g Правила каталогизации RCR
901 Тип документа __
t Тип документа b
w Контрольный № источника RU/REG73/CBS_GRAD/2c332b2ab5a2434ab3817286ed10b0ca
910 Корректоры записи __
a Корректор записи Тенигина
b Дата внесения изменения в запись 20260305